Statistics for Best-selling Girl Scout Cookies Currently

Click here to take the quiz!

General Stats

  • This quiz has been taken 120 times
  • The average score is 4 of 6

Answer Stats

SalesCookie% Correct
25%Thin Mints
95%
19%Samoas / Caramel deLites
83%
13%Tagalongs / Peanut Butter Patties
57%
7%Trefoils / Shortbread
57%
16%Do-si-dos / Peanut Butter Sandwich
43%
9%Lemonades / Lemon-Ups
34%

Score Distribution

Percentile by Number Answered

Percent of People with Each Score

Your Score History

You have not taken this quiz